| 000 | 01193cam a2200277 4500 | ||
|---|---|---|---|
| 002 | 7721 | ||
| 008 | 020423n2004 000 0 eng u | ||
| 020 | _a190482904X | ||
| 035 | _a(Sirsi) u124951 | ||
| 041 | _aeng | ||
| 050 |
_a690.23 _c18 |
||
| 110 |
_aBuilding Cost Information Service _91096 |
||
| 245 | _aGuide to rebuilding costs of flats 2004 | ||
| 250 | _a5th ed. | ||
| 260 |
_aLondon _bRICS _c2004 |
||
| 300 |
_a64p. _c30cm. |
||
| 350 | _a65 | ||
| 520 | _aAnnual publication giving details of rebuilding costs for flats for reinstatement cost assessment. The rebuilding cost tables cover four regional groups and show the costs for low and medium-rise modern flats and conversions from two and three-storey houses. Also includes details of factors affecting the cost of blocks of flats, guidance on preparing a reinstatement cost assessment, specification and accommodation notes and elemental cost tables. | ||
| 650 | _aFLATS | ||
| 650 | _aHOUSE REBUILDING COSTS | ||
| 650 | _aINSURANCE COSTS | ||
| 650 | _aBUILT ENVIRONMENT-BUILDING COSTS-REINSTATEMENT COSTS | ||
| 650 | _aREINSTATEMENT COST ASSESSMENT | ||
| 690 | _aBUILT ENVIRONMENT-BUILDING COSTS | ||
| 942 | _n0 | ||
| 999 |
_c103320 _d103320 |
||